000 00435nam a2200157 4500
001 107295
003 ES-MaACL
005 20230906184401.0
007 t|
008 061121s1912 fr r ||||1| fre d
100 1 _aMorney, Daniel.
_983615
245 1 3 _aLe romantisme en France au XVIII siècle /
_cDaniel Morney.
260 _aParís :
_bLibrairie Hachette,
_c1912.
300 _aX, 236 p. ;
_c19 cm.
852 _aES-MaACL
_jF-12148
999 _c107295
_d107295